Entry Personal Name
Number of records used in: 2
001 - CONTROL NUMBER
003 - CONTROL NUMBER IDENTIFIER
005 - DATE AND TIME OF LATEST TRANSACTION
- control field:
20191228115657.0
008 - FIXED-LENGTH DATA ELEMENTS
- fixed length control field:
040720n| acannaabn |a aaa
010 ## - LIBRARY OF CONGRESS CONTROL NUMBER
- LC control number:
nb2004301748
035 ## - SYSTEM CONTROL NUMBER
- System control number:
(OCoLC)oca06400212
040 ## - CATALOGING SOURCE
- Original cataloging agency:
Uk
- Language of cataloging:
eng
- Transcribing agency:
Uk
- Modifying agency:
WU
100 1# - HEADING--PERSONAL NAME
- Personal name:
Ahmad, Rais,
- Dates associated with a name:
1958-
400 1# - SEE FROM TRACING--PERSONAL NAME
- Personal name:
Ahmed, Rais,
- Dates associated with a name:
1958-
670 ## - SOURCE DATA FOUND
- Source citation:
Transaction costs and examining success of sugar co-operatives in Gujarat, 2000:
- Information found:
t.p. (Dr. Rais Ahmad; Dept. of Agricultural Economics & Business Management, Aligarh Muslim University, Aligarh, India)
670 ## - SOURCE DATA FOUND
- Source citation:
DK Agencies MARC record, 20 July 2004
- Information found:
(hdg.: Ahmad, Raid, 1958-)
670 ## - SOURCE DATA FOUND
- Source citation:
WTO and Indian agriculture, 2009:
- Information found:
t.p. (Rais Ahmad) cover (Rais Ahmed)